000 00479nam a2200181Ia 4500
001 19568
005 20260306172703.0
008 260306t2009||||xx |||||||||||||| ||spa||
041 _aESP
082 _a340.7
_bA66
100 _aAranzamendi Ninacondor, Lino
_eAUT
245 0 _aGuía metodológica de investigación jurídica:
_bdel proyecto a la tesis
260 _c2009
300 _a197 páginas :
_c24 cm.
650 _aGEN
654 _aCDE
942 _cLIB
_dJUS
_fJUS
_2ddc
_n
999 _c19568
_d19568